Best NBA Players On Each Team - 2025 - Statistics

General Stats
  • This quiz has been taken 117 times
  • The average score is 23 of 30
Answer Stats
Team Answer % Correct
Boston Celtics Jayson Tatum
99%
Atlanta Hawks Trae Young
96%
Denver Nuggets Nikola Jokic
95%
Golden State Warrors Stephen Curry
95%
Los Angeles Lakers Luka Doncic
94%
Detroit Pistons Cade Cunningham
91%
Cleveland Cavaliers Donovan Mitchell
91%
Charlotte Hornets LaMelo Ball
91%
Memphis Grizzlies Ja Morant
90%
Indiana Pacers Tyrese Haliburton
89%
San Antonio Spurs Victor Wembanyama
89%
Dallas Mavericks Anthony Davis
88%
Minnesota Timberwolves Anthony Edwards
88%
Milwaukee Bucks Giannis Antetokounmpo
88%
Houston Rockets Kevin Durant
88%
Oklahoma City Thunder Shai Gilgeous-Alexander
88%
Philadelphia 76ers Joel Embiid
86%
New York Knicks Jalen Brunson
85%
Los Angeles Clippers Kawhi Leonard
84%
Phoenix Suns Devin Booker
83%
New Orleans Pelicans Zion Williamson
78%
Miami Heat Bam Adebayo
76%
Orlando Magic Paolo Banchero
76%
Toronto Raptors Scottie Barnes
69%
Utah Jazz Lauri Markkanen
68%
Portland Trail Blazers Damian Lillard
61%
Chicago Bulls Coby White
54%
Brooklyn Nets Michael Porter Jr
40%
Washington Wizards Alexandre Sarr
1%
Sacramento Kings Domantis Sabonis
1%
No matching quizzes found
Score Distribution
Percent of People with Each Score
Percentile by Number Answered
Your Score History
You have not taken this quiz